00667nam a2200241 a 4500001001300000003000900013005001700022008004100039020000800080082001500088100001800103245001800121260004500139300000900184500003500193505001000228650001600238700001800254902000800272942000700280952012300287999001500410nice12345678IN_TiNIC20260116011607.0050524s1964 lona grp 000 0 eng  ac000a297.4bRIC aRice, Cyprian aPersian Sufis aLondonbGeorge Allen and Unwin Ltdc1964 a104p aincludes index and biblioraphy2 aIndex aSufism-Iran1 aRice, Cyprian bSRS cBK 001040708StackRoom-aHMIbHMId2008-07-14g0.00l1o297.4 RICp02671r2019-05-20s2019-05-09v0.00w2005-05-24yBK c2804d2804